Maths 3e

Збережено в:
Бібліографічні деталі
Автор: Borréani, Jacqueline (Автор)
Формат: Книга
Мова:Французька
Опубліковано: París Magnard 2003
Предмети:
Теги: Додати тег
Немає тегів, Будьте першим, хто поставить тег для цього запису!

MARC

LEADER 00000nam a2200000 a 4500
001 UCL1842
003 CL-VaPUC
008 030926e20030000FR |||||||||||||||||fre|d
020 |a 2210210100 
082 0 4 |a 510.712  |b BOR  |2 21 
100 0 |a Borréani, Jacqueline  |e author  |9 478695 
245 1 0 |a Maths 3e 
300 |a 304 p 
942 |c BK 
945 |d 20030926 00:00:00  |a cmena 
260 |a París  |b Magnard  |c 2003 
650 0 |a Matemáticas  |x Enseñanza  |9 875527 
650 0 |a Métodos de enseñanza  |9 270413 
650 0 |a Libros de texto  |9 270019 
583 |a last modification  |c 20030926 00:00:00  |k Rodrigo Vera 
999 |c 305282  |d 305280 
952 |0 0  |1 0  |4 0  |6 510_712000000000000_BOR_2003  |7 0  |8 A  |9 368418  |a BIBMAT  |b BIBMAT  |c E_DIDACT  |d 2019-11-21  |i 3940373  |o 510.712 BOR 2003  |p 3940373  |r 2025-01-07  |w 2019-11-21  |y BK  |k MAT